<?xml version="1.0" encoding="UTF-8"?><?xml-stylesheet type="text/xsl" href="static/style.xsl"?><OAI-PMH xmlns="http://www.openarchives.org/OAI/2.0/" xmlns:xsi="http://www.w3.org/2001/XMLSchema-instance" xsi:schemaLocation="http://www.openarchives.org/OAI/2.0/ http://www.openarchives.org/OAI/2.0/OAI-PMH.xsd"><responseDate>2026-06-06T01:36:12Z</responseDate><request verb="GetRecord" identifier="oai:riuma.uma.es:10630/17898" metadataPrefix="marc">https://riuma.uma.es/rest/oai/request</request><GetRecord><record><header><identifier>oai:riuma.uma.es:10630/17898</identifier><datestamp>2026-02-03T12:05:19Z</datestamp><setSpec>com_10630_2254</setSpec><setSpec>col_10630_37959</setSpec></header><metadata><record xmlns="http://www.loc.gov/MARC21/slim" xmlns:dcterms="http://purl.org/dc/terms/" xmlns:doc="http://www.lyncode.com/xoai" xmlns:xsi="http://www.w3.org/2001/XMLSchema-instance" xsi:schemaLocation="http://www.loc.gov/MARC21/slim http://www.loc.gov/standards/marcxml/schema/MARC21slim.xsd">
   <leader>00925njm 22002777a 4500</leader>
   <datafield ind2=" " ind1=" " tag="042">
      <subfield code="a">dc</subfield>
   </datafield>
   <datafield ind2=" " ind1=" " tag="720">
      <subfield code="a">García-Lizana, Antonio</subfield>
      <subfield code="e">author</subfield>
   </datafield>
   <datafield ind2=" " ind1=" " tag="720">
      <subfield code="a">Lobato-Martín, José</subfield>
      <subfield code="e">author</subfield>
   </datafield>
   <datafield ind2=" " ind1=" " tag="720">
      <subfield code="a">Podadera-Rivera, Pablo</subfield>
      <subfield code="e">author</subfield>
   </datafield>
   <datafield ind2=" " ind1=" " tag="720">
      <subfield code="a">Romero Martín-Gambero, Ángel</subfield>
      <subfield code="e">author</subfield>
   </datafield>
   <datafield ind2=" " ind1=" " tag="260">
      <subfield code="c">2019-06-26</subfield>
   </datafield>
   <datafield ind2=" " ind1=" " tag="520">
      <subfield code="a">La persistencia de la pobreza y la exclusión social en la UE ha motivado la preocupación por dar una respuesta política consistente, cuyos óptimos resultados se hacen esperar. El objetivo del presente trabajo es identificar dichas líneas de intervención y considerar la evolución de las tasas que miden los fenómenos apuntados, evaluando así su capacidad de impacto de acuerdo con las circunstancias existentes, proponiendo determinadas modificaciones. Para lo cual se parte de los documentos oficiales pertinentes, se toma en cuenta el indicador denominado AROPE para medir la evolución, y se analiza la idoneidad de las actuaciones diseñadas hasta el momento a la luz de los hallazgos realizados por el equipo, deduciendo en consecuencia, las modificaciones indicadas. De acuerdo con ello, se ha detectado la existencia de una política diversificada que ha ido cambiando, al mismo tiempo que una persistente desigualdad entre los países de la UE, tanto en los valores del indicador en cada momento como en la evolución experimentada. A la vista de los factores que influencian tal estado de cosas, se señala la necesidad de realizar determinados ajustes que permitan mejorar la situación.</subfield>
   </datafield>
   <datafield ind1="8" ind2=" " tag="024">
      <subfield code="a">https://hdl.handle.net/10630/17898</subfield>
   </datafield>
   <datafield tag="653" ind2=" " ind1=" ">
      <subfield code="a">Pobreza</subfield>
   </datafield>
   <datafield tag="653" ind2=" " ind1=" ">
      <subfield code="a">Exclusión social</subfield>
   </datafield>
   <datafield ind2="0" ind1="0" tag="245">
      <subfield code="a">La política de la UE ante la pobreza y la  exclusión social. Una revisión crítica</subfield>
   </datafield>
</record>
</metadata></record></GetRecord></OAI-PMH>